000 00373nam a2200157Ia 4500
008 231217s9999 xx 000 0 und d
020 _a817881496X
041 _aEnglish
082 _a658.3 JAY;1 R
100 _aJaya Krishna, S ed.
245 0 _ae HR : concepts and cases
260 _c2005
_bIcfai
_aHyderabad
300 _axiv, 183
650 _aHR
942 _cAA
999 _c188662
_d188662